[Event "6th Cattolica Open 2019"]
[Site "Cattolica"]
[Date "2019.06.11"]
[Round "5.10"]
[White "Romanishin, Oleg M"]
[Black "Vuelban, Virgilio"]
[Result "1-0"]
[WhiteElo "2451"]
[BlackElo "2268"]
[Annotator "RC"]
[PlyCount "43"]
[EventDate "2019.06.08"]
[EventType "swiss"]
[EventCountry "ITA"]
[SourceTitle "playchess.com"]
[Source "ChessBase"]
[SourceQuality "1"]
[TimeControl "40/5400+30:900+30"]

1. d4 {[%emt 0:02:34]} Nf6 {[%emt 0:07:01]} 2. Nf3 {[%emt 0:00:09]} g6 {[%emt 0:00:13]} 3. g3 {[%emt 0:00:10]} Bg7 {[%emt 0:00:04]} 4. Bg2 {[%emt 0:00:15]} O-O {[%emt 0:00:07]} 5. c4 {[%emt 0:02:29]} d5 {[%emt 0:00:10]} 6. cxd5 {[%emt 0:00:18]} Nxd5 {[%emt 0:00:04]} 7. O-O {[%emt 0:00:12]} Nb6 {[%emt 0:00:26]} 8. Nc3 {[%emt 0:00:10]} Nc6 {[%emt 0:00:02]} 9. d5 {[%emt 0:02:45]} Na5 {[%emt 0:00:24]} 10. Qc2 {[%emt 0:02:08]} c6 {[%emt 0:04:46]} 11. dxc6 {[%emt 0:00:27]} Nxc6 {[%emt 0:00:05]} 12. Rd1 {[%emt 0:00:08]} Bd7 {[%emt 0:05:39]} 13. Be3 {[%emt 0:05:36]} Nc4 {[%emt 0:02:19]} 14. Bc5 {[%emt 0:25:25]} b6 {[%emt 0:16:00]} 15. Nd4 {[%emt 0:03:27]} Nxd4 {[%emt 0:05:55]} 16. Bxd4 {[%emt 0:00:19]} e5 {[%emt 0:00:29]} 17. Bc5 {[%emt 0:01:21]} Rc8 {[%emt 0:07:12]} 18. Bxf8 {[%emt 0:01:17]} Bxf8 {[%emt 0:00:05]} 19. Rac1 {[%emt 0:05:53]} Qe8 {[%emt 0:01:59]} 20. Bb7 {[%emt 0:04:26]} Nd6 {[%emt 0:03:23]} 21. Bxc8 {[%emt 0:00:41]} Bxc8 {[%emt 0:00:04]} 22. Rxd6 {[%emt 0:01:30]} 1-0

[Event "6th Cattolica Open 2019"]
[Site "Cattolica"]
[Date "2019.06.11"]
[Round "5.11"]
[White "Vignesh B"]
[Black "Gilevych, Artem"]
[Result "1/2-1/2"]
[WhiteElo "2283"]
[BlackElo "2448"]
[Annotator "TA"]
[PlyCount "69"]
[EventDate "2019.06.08"]
[EventType "swiss"]
[EventCountry "ITA"]
[SourceTitle "playchess.com"]
[Source "ChessBase"]
[SourceQuality "1"]

{[%evp 14,69,1,6,13,16,6,5,9,0,17,17,36,8,23,21,41,50,60,39,96,19,19,19,29,30,36,0,0,0,0,-8,93,-6,-2,-77,0,0,-14,-22,0,-77,204,71,527,0,0,0,0,0,0,0,0,0,0,0,0,-29984]} 1. e4 c5 2. Nf3 g6 3. d4 cxd4 4. Qxd4 Nf6 5. Nc3 Nc6 6. Qa4 d6 7. e5 dxe5 8. Nxe5 Bg7 {B27: Sicilian: 2 Nf3, unusual Black 2nd moves} 9. Bb5 O-O 10. Nxc6 bxc6 11. Bxc6 Rb8 12. O-O Bf5 13. Bf3 $146 ({Predecessor:} 13. Re1 a5 14. a3 Qb6 15. Bf3 Rfd8 16. Bf4 {½-½ (35) Ghaem Maghami,E (2568)-Al Modiahki,M (2550) Doha 2013}) 13... a5 14. Rd1 Qc8 15. Qxa5 Bxc2 16. Re1 e6 (16... Re8 $14) 17. Qa3 ({White should play} 17. Bf4 $16) 17... Qc4 18. Bg5 {Strongly threatening Rac1.} Rfc8 19. Rac1 Bf8 $1 {[%cal Rf8a3]} 20. Qa5 Rxb2 {...Bb4 is the strong threat.} 21. Bxf6 Bb4 {[%mdl 64] Double Attack} 22. Be2 {Threatens to win with Qg5.} Qc6 (22... Bxa5 $11 {keeps the balance.} 23. Bxc4 Rxc4) 23. Qg5 (23. Qxb4 $1 $16 Rxb4 24. Rxc2) 23... Bxc3 $11 24. Bd3 (24. Bxc3 $11 Qxc3 25. a4) 24... Bxf6 ({Better is} 24... Qb6 $1 $17 25. Bxc3 Rxc3) 25. Qxf6 Rxa2 26. Re2 {Hoping for Rcxc2.} Qd5 27. Be4 (27. Rcxc2 $11 Raxc2 28. Rxc2 Rxc2 29. Bxc2) 27... Qb3 $2 {[%mdl 8192]} (27... Qd7 $17 {and life is bright.} 28. h4 (28. Rexc2 Raxc2 29. Bxc2 Rxc2 $17) 28... Bb1 $1 {[%mdl 512]} 29. Rxc8+ Qxc8 30. Rxa2 Bxa2) 28. h3 (28. h4 $1 $18 {is the precise move to win.}) 28... Rc4 $2 {[%mdl 8192] [#]} (28... Qb5 $16 {is more resistant.} 29. Rd2 (29. Rexc2 Rcxc2 30. Rxc2 Qb1+ {[%mdl 64] Double Attack} 31. Kh2 Rxc2 $11) 29... Qb4 30. Rcxc2 (30. Rdxc2 Raxc2 31. Rxc2 Qb1+ {[%mdl 64] Double Attack} 32. Kh2 Rxc2 $11) 30... Raxc2 31. Rd8+ Rxd8 32. Qxd8+ Kg7 33. Bxc2 Qe1+ 34. Kh2 Qxf2) 29. Bxc2 $2 (29. Bd5 $1 $18 {[%mdl 512] Intending Rxe6! and mate.} Qa3 (29... exd5 30. Re8#) 30. Rce1) 29... Raxc2 {The position is equal.} 30. Rexc2 Rxc2 $18 {KQR-KQR} 31. Qd8+ Kg7 32. Qd4+ Kg8 33. Qd8+ Kg7 34. Qd4+ Kg8 35. Qf6 $2 {[%mdl 40960] Accuracy: White = 21%, Black = 28%. . An unexpected result.} (35. Qd8+ $11 Kg7) 1/2-1/2

[Event "6th Cattolica Open 2019"]
[Site "Cattolica"]
[Date "2019.06.12"]
[Round "6.1"]
[White "Basso, Pier Luigi"]
[Black "Dreev, Aleksey"]
[Result "1/2-1/2"]
[WhiteElo "2539"]
[BlackElo "2657"]
[Annotator "TA"]
[PlyCount "43"]
[EventDate "2019.06.08"]
[EventType "swiss"]
[EventCountry "ITA"]
[SourceTitle "playchess.com"]
[Source "ChessBase"]
[SourceQuality "1"]

{[%evp 20,43,0,0,0,0,0,0,6,0,0,0,0,0,0,0,0,0,0,0,0,0,0,0,0,0]} 1. d4 d5 2. c4 c6 3. Nf3 Nf6 4. Nc3 e6 5. g3 dxc4 6. Bg2 Nbd7 7. O-O $146 ({Predecessor:} 7. a4 Be7 8. O-O O-O 9. e4 e5 10. dxe5 Ng4 {½-½ (19) Topalov,V (2702)-Kasparov,G (2851) Sarajevo 2000}) 7... Be7 8. e4 O-O 9. Bf4 Nh5 10. Be3 Nhf6 11. Bf4 {The position is equal.} Nh5 {E07: Closed Catalan: Main Line (5 Nf3 0-0 6 0-0 Nbd7)} 12. Be3 Nhf6 13. a4 e5 14. dxe5 Ng4 15. Bf4 Qa5 {[%cal Rg4e5]} 16. e6 fxe6 17. e5 Ndxe5 18. Nxe5 {[%mdl 64] [#] Discovered Attack} Nxe5 19. Qh5 Bd6 20. Ne4 Rf5 $1 {[%cal Rf5h5]} 21. Qe8+ Rf8 22. Qh5 1/2-1/2

[Event "6th Cattolica Open 2019"]
[Site "Cattolica"]
[Date "2019.06.12"]
[Round "6.2"]
[White "Sonis, Francesco"]
[Black "Rychagov, Andrey"]
[Result "1/2-1/2"]
[WhiteElo "2494"]
[BlackElo "2520"]
[Annotator "ChessBase"]
[PlyCount "83"]
[EventDate "2019.06.08"]
[EventType "swiss"]
[EventCountry "ITA"]
[SourceTitle "playchess.com"]
[Source "ChessBase"]
[SourceQuality "1"]
[TimeControl "40/5400+30:900+30"]

1. d4 {[%emt 0:00:39]} d5 {[%emt 0:00:00]} 2. c4 {[%emt 0:00:06]} e6 {[%emt 0:00:00]} 3. Nc3 {[%emt 0:00:04]} Be7 {[%emt 0:02:24]} 4. cxd5 {[%emt 0:00:14]} exd5 {[%emt 0:00:03]} 5. Bf4 {[%emt 0:00:07]} c6 {[%emt 0:00:06]} 6. e3 {[%emt 0:00:04]} Bd6 {[%emt 0:00:30]} 7. Bxd6 {[%emt 0:00:32]} Qxd6 {[%emt 0:00:04]} 8. Bd3 {[%emt 0:00:07]} Ne7 {[%emt 0:00:07]} 9. Qf3 {[%emt 0:03:13]} b6 {[%emt 0:03:01]} 10. Nge2 {[%emt 0:03:41]} Ba6 {[%emt 0:00:29]} 11. Bc2 {[%emt 0:00:10]} Bxe2 {[%emt 0:13:36]} 12. Qxe2 {[%emt 0:01:21]} Nd7 {[%emt 0:02:08]} 13. O-O-O {[%emt 0:00:35]} O-O-O {[%emt 0:08:36]} 14. Qf3 {[%emt 0:12:59]} Qf6 {[%emt 0:07:33]} 15. Qg3 {[%emt 0:01:49]} Nf5 {[%emt 0:02:29]} 16. Bxf5 {[%emt 0:01:36]} Qxf5 {[%emt 0:00:03]} 17. f3 {[%emt 0:00:53]} Nf6 {[%emt 0:03:09]} 18. Rhf1 {[%emt 0:01:49]} Qg6 {[%emt 0:06:44]} 19. e4 {[%emt 0:08:31]} Qxg3 {[%emt 0:07:50]} 20. hxg3 {[%emt 0:00:03]} dxe4 {[%emt 0:05:21]} 21. fxe4 {[%emt 0:00:06]} Rd7 {[%emt 0:02:53]} 22. e5 {[%emt 0:05:27]} Ng4 {[%emt 0:01:43]} 23. Rf4 {[%emt 0:02:48]} h5 {[%emt 0:00:24]} 24. Rh1 {[%emt 0:07:14]} Rh6 {[%emt 0:09:35]} 25. Ne4 {[%emt 0:02:05]} Kd8 {[%emt 0:01:56]} 26. Ng5 {[%emt 0:03:38]} Ke8 {[%emt 0:00:32]} 27. Re1 {[%emt 0:03:28]} Re7 {[%emt 0:04:14]} 28. Ne4 {[%emt 0:05:31]} Kd7 {[%emt 0:01:13]} 29. Ref1 {[%emt 0:03:10]} f6 {[%emt 0:01:58]} 30. exf6 {[%emt 0:00:29]} Nxf6 {[%emt 0:00:55]} 31. Nxf6+ {[%emt 0:00:27]} Rxf6 {[%emt 0:00:14]} 32. Rxf6 {[%emt 0:00:07]} gxf6 {[%emt 0:00:03]} 33. Rxf6 {[%emt 0:00:06]} Re2 {[%emt 0:01:07]} 34. Rf5 {[%emt 0:00:32]} Rxg2 {[%emt 0:00:43]} 35. Rxh5 {[%emt 0:00:05]} Rxg3 {[%emt 0:00:21]} 36. Rh7+ {[%emt 0:00:05]} Kd6 {[%emt 0:00:03]} 37. Rxa7 {[%emt 0:00:06]} Rg4 {[%emt 0:00:56]} 38. Ra4 {[%emt 0:00:12]} b5 {[%emt 0:00:35]} 39. Rb4 {[%emt 0:00:12]} Kd5 {[%emt 0:00:05]} 40. Kc2 {[%emt 0:00:00]} Rxd4 {[%emt 0:00:00]} 41. Kc3 {[%emt 0:01:00]} Rd1 {[%emt 0:01:29]} 42. a4 {[%emt 0:00:09]} 1/2-1/2

[Event "6th Cattolica Open 2019"]
[Site "Cattolica"]
[Date "2019.06.12"]
[Round "6.3"]
[White "Vovk, Yuri"]
[Black "Barseghyan, Harutyun"]
[Result "0-1"]
[WhiteElo "2586"]
[BlackElo "2495"]
[Annotator "ChessBase"]
[PlyCount "84"]
[EventDate "2019.06.08"]
[EventType "swiss"]
[EventCountry "ITA"]
[SourceTitle "playchess.com"]
[Source "ChessBase"]
[SourceQuality "1"]
[TimeControl "40/5400+30:900+30"]

1. e4 {[%emt 0:00:00]} e5 {[%emt 0:00:00]} 2. Nf3 {[%emt 0:00:00]} Nc6 {[%emt 0:00:00]} 3. Bb5 {[%emt 0:00:02]} a6 {[%emt 0:00:00]} 4. Ba4 {[%emt 0:00:04]} Nf6 {[%emt 0:00:00]} 5. O-O {[%emt 0:00:07]} Be7 {[%emt 0:00:02]} 6. Re1 {[%emt 0:00:04]} b5 {[%emt 0:00:04]} 7. Bb3 {[%emt 0:00:05]} d6 {[%emt 0:00:05]} 8. a4 {[%emt 0:00:25]} Bd7 {[%emt 0:01:19]} 9. c3 {[%emt 0:00:08]} O-O {[%emt 0:00:08]} 10. d4 {[%emt 0:00:03]} h6 {[%emt 0:00:24]} 11. Nbd2 {[%emt 0:03:30]} Re8 {[%emt 0:00:14]} 12. d5 {[%emt 0:09:53]} Na5 {[%emt 0:00:28]} 13. Bc2 {[%emt 0:00:16]} c6 {[%emt 0:01:58]} 14. b4 {[%emt 0:02:18]} Nb7 {[%emt 0:00:26]} 15. dxc6 {[%emt 0:06:57]} Bxc6 {[%emt 0:00:19]} 16. c4 {[%emt 0:02:09]} Bf8 {[%emt 0:05:00]} 17. Bb2 {[%emt 0:02:13]} Qd7 {[%emt 0:06:41]} 18. Qe2 {[%emt 0:05:50]} Rab8 {[%emt 0:24:42]} 19. cxb5 {[%emt 0:25:49]} axb5 {[%emt 0:00:03]} 20. a5 {[%emt 0:00:53]} Nd8 {[%emt 0:00:06]} 21. Nf1 {[%emt 0:15:19]} Ba8 {[%emt 0:02:37]} 22. Red1 {[%emt 0:02:28]} Qb7 {[%emt 0:12:45]} 23. Ne3 {[%emt 0:03:46]} Ne6 {[%emt 0:02:19]} 24. Nd5 {[%emt 0:03:19]} Nxd5 {[%emt 0:02:24]} 25. exd5 {[%emt 0:00:06]} Nf4 {[%emt 0:01:58]} 26. Qe4 {[%emt 0:00:26]} g6 {[%emt 0:00:01]} 27. Bb3 {[%emt 0:00:30]} Bg7 {[%emt 0:00:50]} 28. g3 {[%emt 0:03:26]} Qd7 {[%emt 0:03:10]} 29. Ne1 {[%emt 0:03:31]} Nh3+ {[%emt 0:22:57]} 30. Kg2 {[%emt 0:01:23]} Ng5 {[%emt 0:00:01]} 31. Qe2 {[%emt 0:01:15]} Qh3+ {[%emt 0:00:01]} 32. Kg1 {[%emt 0:00:16]} Bb7 {[%emt 0:00:01]} 33. a6 {[%emt 0:06:38]} Bc8 {[%emt 0:00:02]} 34. a7 {[%emt 0:00:06]} Ra8 {[%emt 0:00:02]} 35. Qxb5 {[%emt 0:02:02]} Bg4 {[%emt 0:07:32]} 36. Rdc1 {[%emt 0:01:08]} e4 {[%emt 0:01:16]} 37. Bxg7 {[%emt 0:00:08]} e3 {[%emt 0:00:01]} 38. fxe3 {[%emt 0:01:38]} Rxe3 {[%emt 0:00:27]} 39. Qf1 {[%emt 0:00:41]} Re2 {[%emt 0:04:15]} 40. Qxh3 {[%emt 0:00:00]} Nxh3+ {[%emt 0:00:00]} 41. Kh1 {[%emt 0:00:35]} Rxe1+ {[%emt 0:00:10]} 42. Kg2 {[%emt 0:00:06]} Re2+ {[%emt 0:00:07]} 0-1

[Event "6th Cattolica Open 2019"]
[Site "Cattolica"]
[Date "2019.06.12"]
[Round "6.4"]
[White "Mareco, Sandro"]
[Black "Kjartansson, Gudmundur"]
[Result "1-0"]
[WhiteElo "2643"]
[BlackElo "2459"]
[Annotator "TA"]
[PlyCount "99"]
[EventDate "2019.06.08"]
[EventType "swiss"]
[EventCountry "ITA"]
[SourceTitle "playchess.com"]
[Source "ChessBase"]
[SourceQuality "1"]

{[%evp 17,99,19,19,11,23,16,19,9,13,0,16,14,22,0,3,0,0,-13,-8,-17,-10,-27,-32,-16,-31,-24,0,0,0,-20,-18,-26,-26,-8,0,-27,-43,-29,0,0,121,0,20,29,52,47,37,41,33,37,48,54,57,67,247,247,227,244,233,244,230,224,287,250,241,208,274,280,254,182,202,214,218,162,207,114,343,339,415,409,437,435,1104,1068]} 1. Nf3 d5 2. c4 c6 3. d4 Nf6 4. Nc3 e6 5. Bg5 h6 6. Bxf6 Qxf6 7. e3 Nd7 8. Bd3 dxc4 9. Bxc4 Bd6 10. O-O {D43: Semi-Slav: 5 Bg5 h6} O-O 11. Rc1 Qe7 12. Qd3 {The position is equal.} (12. Ne4 Bc7 13. Bb3 Kh8 14. Nc5 Nxc5 15. Rxc5 Rd8 16. Qc2 Bd7 17. Qe4 Bd6 18. Rc3 Rac8 19. Rfc1 Be8 20. h3 Rc7 21. a3 Rdc8 22. Bc2 g6 23. Nd2 c5 24. Bb3 {½-½ (24) Mamedyarov,S (2817)-Dubov,D (2703) St Petersburg 2018}) 12... Rd8 (12... b5 $5 13. Bb3 $8 Bb7 $11) 13. Rfd1 b6 $146 (13... b5 $5 14. Bb3 $8 Bb7 $11) ({Predecessor:} 13... Nf8 14. Qe4 Bd7 15. Ne5 Be8 16. f4 f6 {0-1 (38) Kilian,R-Kreutzkamp,R (2250) Germany 1992}) 14. Ne4 (14. Qe2 {is more complex.} a6 15. Bd3 Bb7 16. Ne4 Bb8 17. g3) 14... a5 15. Nxd6 Qxd6 16. Qc2 Bb7 17. e4 Qf4 18. Re1 c5 19. d5 $1 exd5 20. exd5 Nf6 21. Ne5 {Strongly threatening g3.} Nxd5 22. Rcd1 Rd6 23. a3 Rad8 24. Qb3 Qg5 {Hoping for ...Ne3!} 25. g3 Kf8 26. Qf3 {[%csl Ge5][%cal Rf3f7]} Qf6 27. Qh5 Re6 28. f4 Re7 {[#]} (28... Red6 $11) 29. Rd3 (29. Qf3 $1 $16 {[%cal Rc4d5]} Qd6 30. Rd2) 29... b5 30. Bxb5 {And now Red1 would win.} c4 31. Bxc4 {Black must now prevent Red1.} Qb6+ 32. Kf1 Qxb2 33. Qe2 $36 {[%mdl 2048] White fights for an advantage.} Qxe2+ $1 34. Rxe2 Rc7 {With the idea ...f6.} 35. Rb2 f6 $2 {[#]} ({Black should try} 35... Ba8 $14) 36. Rxb7 $1 $18 {[%mdl 512]} Rxb7 37. Ng6+ Ke8 {...Ne7 is the strong threat.} 38. Bxd5 {aiming for Re3+.} ({Inferior is} 38. Rxd5 Rxd5 39. Bxd5 Rb1+ 40. Ke2 Rb2+ 41. Ke3 Rxh2 $11) 38... Rc7 39. f5 Rdd7 40. Nf4 Rc2 41. h4 Rdc7 42. Bf3 Rd7 43. Nd5 Rd6 44. Re3+ Kd8 45. Re6 Rdc6 46. a4 ({Better is} 46. Be4 $18 R2c4 47. Bf3) 46... Rc1+ $2 (46... R6c5 $16) 47. Kf2 R6c2+ 48. Be2 Ra1 49. Kf3 Rd2 (49... Kc8 $142 50. Bb5 Kb8) 50. Rd6+ {Accuracy: White = 52%, Black = 37%.} 1-0

[Event "6th Cattolica Open 2019"]
[Site "Cattolica"]
[Date "2019.06.12"]
[Round "6.5"]
[White "Romanishin, Oleg M"]
[Black "Martinez Alcantara, Jose Eduardo"]
[Result "0-1"]
[WhiteElo "2451"]
[BlackElo "2583"]
[Annotator "TA"]
[PlyCount "86"]
[EventDate "2019.06.08"]
[EventType "swiss"]
[EventCountry "ITA"]
[SourceTitle "playchess.com"]
[Source "ChessBase"]
[SourceQuality "1"]

{[%evp 9,152,22,12,14,25,25,20,10,11,34,27,0,0,0,-3,-8,-24,-19,-5,-19,-25,-33,-24,-23,-27,-53,-29,-59,-23,-100,-71,-77,-77,-65,-60,-65,-41,-98,-98,-98,-103,-97,-101,-128,-123,-122,-97,-87,-84,-154,-154,-154,-154,-150,-151,-157,-154,-154,-139,-139,-138,-154,-139,-139,-139,-139,-139,-139,-139,-139,-139,-139,-139,-139,-139,-152,-139,-141,-139,-158,-143,-165,-158,-158,-156,-141,-146,-147,-154,-154,-143,-143,-136,-136,-131,-146,-136,-152,-130,-136,-133,-136,-134,-136,-136,-136,-135,-149,-149,-139,-147,-149,-149,-154,0,-146,-146,-153,-152,-151,-143,-146,-136,-174,-169,-169,-169,-237,-234,-215,-144,-300,-303,-284,-269,-254,-230,-230,-230,-257,-248,-235,-235,-291,-272]} 1. d4 g6 2. g3 Bg7 3. Bg2 c5 4. c3 Qa5 5. Nf3 Nf6 (5... cxd4 6. Nxd4 Nf6 7. O-O Nc6 8. Na3 O-O 9. Be3 Qh5 10. Nac2 Ng4 11. h3 Nxe3 12. Nxe3 e6 {½-½ (72) Ruck,R (2515)-Lenic,L (2657) Slovenia 2018}) 6. O-O {A40: Unusual replies to 1 d4} O-O 7. b4 $146 ({Predecessor:} 7. Be3 Ng4 8. Bg5 Re8 9. h3 h6 10. Bf4 Nf6 11. Nbd2 d6 12. Nb3 Qb6 13. dxc5 dxc5 {0-1 (64) Koksal,E (2378)-Tukhaev,A (2542) Ankara 2018}) 7... cxb4 8. cxb4 {The position is equal.} Qb6 9. a4 Nc6 10. b5 (10. Ba3 $5 {[%cal Rb4b5]}) 10... Na5 $1 11. Nc3 d6 12. Bg5 Be6 13. d5 Bg4 14. Be3 Qc7 15. Rc1 Rfc8 16. Ne4 Qd8 17. Nxf6+ Bxf6 18. Rxc8 Rxc8 19. Nd2 (19. Bd4 $11) 19... b6 20. Bf3 Bf5 21. Be4 Bh3 22. Bg2 Bd7 23. Nb3 (23. h4 $15) 23... Nxb3 $17 24. Qxb3 Rc3 25. Qb1 Rc4 26. Qa2 {[#]} Qc7 $1 27. a5 Rc2 ({Much weaker is} 27... Bxb5 28. axb6 axb6 29. Rb1 $11) 28. axb6 axb6 29. Bxb6 ({White should try} 29. Qa3) 29... Rxa2 30. Bxc7 Bxb5 31. Bb6 Bxe2 32. Rc1 Kg7 33. h4 Bg4 34. Be3 h6 35. Rc4 Ra1+ 36. Kh2 Bf5 37. Bf3 Bd3 38. Rb4 Ra3 39. Kg2 g5 40. hxg5 hxg5 41. Kh2 Kg6 42. Bg2 Bf5 43. Bf3 Ra2 {Played: Bf6-e5} 0-1

[Event "6th Cattolica Open 2019"]
[Site "Cattolica"]
[Date "2019.06.12"]
[Round "6.6"]
[White "Mezentsev, Ivan"]
[Black "Kharitonov, Alexandr"]
[Result "1/2-1/2"]
[WhiteElo "2281"]
[BlackElo "2547"]
[Annotator "ChessBase"]
[PlyCount "118"]
[EventDate "2019.06.08"]
[EventType "swiss"]
[EventCountry "ITA"]
[SourceTitle "playchess.com"]
[Source "ChessBase"]
[SourceQuality "1"]
[TimeControl "40/5400+30:900+30"]

1. Nf3 {[%emt 0:00:00]} d5 {[%emt 0:00:00]} 2. e3 {[%emt 0:00:00]} c5 {[%emt 0:00:21]} 3. b3 {[%emt 0:01:07]} Nf6 {[%emt 0:03:39]} 4. Bb2 {[%emt 0:00:31]} Nc6 {[%emt 0:02:04]} 5. Bb5 {[%emt 0:00:53]} Bd7 {[%emt 0:00:17]} 6. O-O {[%emt 0:00:49]} e6 {[%emt 0:00:12]} 7. Bxc6 {[%emt 0:01:30]} Bxc6 {[%emt 0:00:24]} 8. Ne5 {[%emt 0:00:46]} Rc8 {[%emt 0:01:24]} 9. d3 {[%emt 0:01:14]} Be7 {[%emt 0:00:35]} 10. Nd2 {[%emt 0:00:24]} O-O {[%emt 0:00:51]} 11. f4 {[%emt 0:01:57]} d4 {[%emt 0:10:30]} 12. Nxc6 {[%emt 0:04:46]} Rxc6 {[%emt 0:00:08]} 13. Nc4 {[%emt 0:08:34]} dxe3 {[%emt 0:09:02]} 14. Qf3 {[%emt 0:03:10]} Nd5 {[%emt 0:01:55]} 15. Nxe3 {[%emt 0:00:16]} Nxe3 {[%emt 0:01:06]} 16. Qxe3 {[%emt 0:00:04]} Bf6 {[%emt 0:00:15]} 17. Bxf6 {[%emt 0:00:34]} Qxf6 {[%emt 0:00:06]} 18. a4 {[%emt 0:00:22]} Qd4 {[%emt 0:04:25]} 19. Rae1 {[%emt 0:00:16]} g6 {[%emt 0:00:37]} 20. Qf2 {[%emt 0:00:09]} Rd8 {[%emt 0:01:07]} 21. Re4 {[%emt 0:00:52]} Qxf2+ {[%emt 0:01:25]} 22. Kxf2 {[%emt 0:00:31]} Rd4 {[%emt 0:03:42]} 23. Rfe1 {[%emt 0:02:32]} h5 {[%emt 0:02:23]} 24. Ke3 {[%emt 0:01:48]} Rcd6 {[%emt 0:02:38]} 25. Kf3 {[%emt 0:01:16]} Kf8 {[%emt 0:01:08]} 26. Re5 {[%emt 0:00:55]} Rc6 {[%emt 0:03:03]} 27. g3 {[%emt 0:01:26]} Rdd6 {[%emt 0:04:56]} 28. h3 {[%emt 0:01:10]} f6 {[%emt 0:00:16]} 29. R5e2 {[%emt 0:00:24]} Kf7 {[%emt 0:00:32]} 30. g4 {[%emt 0:06:35]} Rd5 {[%emt 0:00:05]} 31. Rg1 {[%emt 0:02:42]} Rc8 {[%emt 0:02:42]} 32. Reg2 {[%emt 0:03:28]} hxg4+ {[%emt 0:01:44]} 33. hxg4 {[%emt 0:00:57]} Rh8 {[%emt 0:00:07]} 34. Kg3 {[%emt 0:00:59]} g5 {[%emt 0:02:16]} 35. Rf1 {[%emt 0:02:24]} gxf4+ {[%emt 0:01:41]} 36. Rxf4 {[%emt 0:00:46]} Ke7 {[%emt 0:07:38]} 37. Re2 {[%emt 0:01:44]} Rd4 {[%emt 0:04:23]} 38. Rfe4 {[%emt 0:10:20]} e5 {[%emt 0:02:25]} 39. Re1 {[%emt 0:00:28]} Ke6 {[%emt 0:00:41]} 40. Rxd4 {[%emt 0:01:28]} cxd4 {[%emt 0:00:00]} 41. Rf1 {[%emt 0:16:09]} b6 {[%emt 0:04:29]} 42. Kg2 {[%emt 0:02:45]} a5 {[%emt 0:04:25]} 43. Kg3 {[%emt 0:00:27]} Rh7 {[%emt 0:07:18]} 44. Kg2 {[%emt 0:01:23]} Rh6 {[%emt 0:03:16]} 45. Kg3 {[%emt 0:03:55]} Kd5 {[%emt 0:00:59]} 46. Rf5 {[%emt 0:01:31]} Ke6 {[%emt 0:03:54]} 47. Rf1 {[%emt 0:00:18]} Rh8 {[%emt 0:01:17]} 48. Kg2 {[%emt 0:00:57]} Rg8 {[%emt 0:00:50]} 49. Kg3 {[%emt 0:04:01]} Rc8 {[%emt 0:07:12]} 50. Rf2 {[%emt 0:00:13]} Rh8 {[%emt 0:01:40]} 51. Rf1 {[%emt 0:02:16]} Rh7 {[%emt 0:00:03]} 52. Kg2 {[%emt 0:02:09]} Rc7 {[%emt 0:00:10]} 53. Rf2 {[%emt 0:00:20]} e4 {[%emt 0:00:41]} 54. dxe4 {[%emt 0:07:27]} Rc3 {[%emt 0:00:58]} 55. Kf1 {[%emt 0:06:44]} d3 {[%emt 0:00:31]} 56. cxd3 {[%emt 0:00:16]} Rxd3 {[%emt 0:00:02]} 57. Rb2 {[%emt 0:01:40]} Rd4 {[%emt 0:00:51]} 58. Re2 {[%emt 0:02:18]} Ke5 {[%emt 0:12:41]} 59. Kf2 {[%emt 0:09:34]} Kf4 {[%emt 0:00:30]} 1/2-1/2

[Event "6th Cattolica Open 2019"]
[Site "Cattolica"]
[Date "2019.06.12"]
[Round "6.7"]
[White "Le Goff, Ronan"]
[Black "Arjun Kalyan"]
[Result "0-1"]
[WhiteElo "2229"]
[BlackElo "2484"]
[Annotator "ChessBase"]
[PlyCount "90"]
[EventDate "2019.06.08"]
[EventType "swiss"]
[EventCountry "ITA"]
[SourceTitle "playchess.com"]
[Source "ChessBase"]
[SourceQuality "1"]
[TimeControl "40/5400+30:900+30"]

1. d4 {[%emt 0:02:20]} d5 {[%emt 0:00:00]} 2. Nf3 {[%emt 0:00:06]} Nf6 {[%emt 0:00:00]} 3. c4 {[%emt 0:00:10]} c6 {[%emt 0:00:00]} 4. Qc2 {[%emt 0:00:08]} dxc4 {[%emt 0:00:29]} 5. e4 {[%emt 0:00:11]} b5 {[%emt 0:01:04]} 6. b3 {[%emt 0:01:29]} cxb3 {[%emt 0:00:12]} 7. axb3 {[%emt 0:00:09]} e6 {[%emt 0:01:28]} 8. Bd2 {[%emt 0:00:06]} a5 {[%emt 0:00:15]} 9. Bd3 {[%emt 0:00:12]} Bb7 {[%emt 0:01:27]} 10. O-O {[%emt 0:00:44]} Be7 {[%emt 0:00:06]} 11. Nc3 {[%emt 0:01:27]} Na6 {[%emt 0:09:25]} 12. e5 {[%emt 0:00:34]} Nb4 {[%emt 0:02:49]} 13. exf6 {[%emt 0:00:24]} Nxc2 {[%emt 0:00:03]} 14. fxe7 {[%emt 0:00:12]} Qxe7 {[%emt 0:00:02]} 15. Bxc2 {[%emt 0:00:15]} c5 {[%emt 0:11:10]} 16. Nxb5 {[%emt 0:00:49]} O-O {[%emt 0:03:07]} 17. Bd3 {[%emt 0:11:28]} cxd4 {[%emt 0:07:27]} 18. Rfc1 {[%emt 0:04:35]} Rfc8 {[%emt 0:08:34]} 19. Rxc8+ {[%emt 0:03:29]} Rxc8 {[%emt 0:00:10]} 20. Rxa5 {[%emt 0:02:16]} Ra8 {[%emt 0:16:34]} 21. Rxa8+ {[%emt 0:04:17]} Bxa8 {[%emt 0:00:13]} 22. Nfxd4 {[%emt 0:09:32]} Qd7 {[%emt 0:06:32]} 23. f4 {[%emt 0:04:30]} g5 {[%emt 0:01:37]} 24. Bf1 {[%emt 0:03:13]} Bc6 {[%emt 0:01:25]} 25. Be3 {[%emt 0:05:02]} gxf4 {[%emt 0:00:07]} 26. Bxf4 {[%emt 0:00:36]} Bxb5 {[%emt 0:03:09]} 27. Nxb5 {[%emt 0:00:31]} Qd1 {[%emt 0:02:16]} 28. b4 {[%emt 0:00:23]} Qe1 {[%emt 0:00:52]} 29. Bg3 {[%emt 0:05:46]} Qxb4 {[%emt 0:00:09]} 30. Bf2 {[%emt 0:03:50]} e5 {[%emt 0:00:46]} 31. Nc7 {[%emt 0:36:46]} Qd2 {[%emt 0:03:22]} 32. Ne8 {[%emt 0:00:00]} Qd8 {[%emt 0:00:24]} 33. Bb5 {[%emt 0:00:00]} Qd1+ {[%emt 0:00:03]} 34. Bf1 {[%emt 0:00:00]} Qd8 {[%emt 0:00:01]} 35. Bb5 {[%emt 0:00:00]} Qd1+ {[%emt 0:09:12]} 36. Bf1 {[%emt 0:00:00]} f5 {[%emt 0:00:13]} 37. h3 {[%emt 0:00:00]} e4 {[%emt 0:01:45]} 38. Be3 {[%emt 0:00:00]} Kf7 {[%emt 0:08:17]} 39. Nc7 {[%emt 0:00:00]} Qb3 {[%emt 0:02:00]} 40. Ba7 {[%emt 0:00:00]} f4 {[%emt 0:00:00]} 41. Nb5 {[%emt 0:00:00]} Qd1 {[%emt 0:05:00]} 42. Nc3 {[%emt 0:00:00]} Qe1 {[%emt 0:00:42]} 43. Ne2 {[%emt 0:00:00]} e3 {[%emt 0:00:14]} 44. Nxf4 {[%emt 0:01:40]} Qf2+ {[%emt 0:00:02]} 45. Kh2 {[%emt 0:00:14]} Qxf4+ {[%emt 0:00:02]} 0-1